| 000 | 00579nam a2200205 u 4500 | ||
|---|---|---|---|
| 005 | 20220528063527.0 | ||
| 008 | 121016s2008 es r 000 0 spa d | ||
| 020 | _a9788475846149 | ||
| 035 | _aUPN01000187614 | ||
| 049 | _aCG | ||
| 050 | 4 |
_aPQ6653 A4.6 _bA5.3 |
|
| 100 | 1 |
_aCampos Pérez, Mario, _d1967- _932718 |
|
| 245 | 1 | 0 |
_aAndrés y la bruja lingüista / _cMario Campos Pérez. |
| 260 |
_aBarcelona, Esp. : _bLaertes, _c2008. |
||
| 300 | _a284 p. | ||
| 440 | 0 |
_aLaertes ; _v28 |
|
| 650 | 0 |
_aLiteratura juvenil española _912359 |
|
| 905 | _aLibro | ||
| 999 |
_c159717 _d159717 |
||